Ковалевского Евгения Евграфовича

Доступно только в Электронных читальных залах Найти на картеНа карте
RUSMARC
00003912nac2a22002771x 450
001542cc4ad-c84b-45b6-b505-e9e03a35d8e4
00520131121122142.0
100##$a20130529l1927 k y0rusy50 ca
1010#$arus
102##$aRU
105##$ay z |||||
2001#$aКовалевского Евгения Евграфовича
$j[19--]
215##$a6 листов
251##$cДело
300##$aЗаголовок дела на папке: Письма от Ковалевского Евгения Евграфовича Кони А. Ф.; некролог
300##$aЛисты 2, 4: газетные вырезки
300##$aЧасть документа рукописная, часть - напечатана типографским способом
330##$aПереписка А. Ф. Кони; Письма к А. Ф. Кони
461#0$10013a54f2e3-e9cf-409b-80fa-f0a9bd3c40cb
$12001
$aКони Анатолий Федорович, юрист, литератор, член академии наук, председатель Санкт-Петербургского окружного суда, член государственного совета
$1251
$cФонд
$1852
$j564
462#0$100178a475cd-a47d-4377-bff3-cee4b81de655
$12001
$aОпись дел фонда А. Ф. Кони за 1880-1931 гг.
$1251
$cОпись
$1852
$j1
517##$aПисьма от Ковалевского Евгения Евграфовича Кони А. Ф.; некролог
600#1$aКони
$bА. Ф.
$f1844-1927
$gАнатолий Федорович
600#1$aКовалевский
$bЕ. Е.
$gЕвгений Евграфович
801#0$aRU
$bGA_RF
801#1$aRU
$bНПО Опыт
$c20130529
$2rusmarc
801#2$aRU
$bПБ им. Б.Н. Ельцина
$c20131121
$gRCR
$2rusmarc
852##$aГА РФ
$j2111
937##$d41885100
$hПБ
035##$aRuPRLIB51004016
Формат отображения